Music Quiz

Random Music Quiz

Alternia Quiz Stats

 Plays Quiz not verified by Sporcle

Score 0/18 Timer 10:00
0 Plays Today
Hint Answer % Correct
1Crustacean
100%
2Showdown
100%
3mIrAcLeS
100%
4The Lemonsnout Turnabout
100%
6psych0ruins
100%
7Walls Covered in Blood
100%
8dESPERADO ROCKET CHAIRS,
100%
10Virgin Orb
100%
11The La2t Frontiier
100%
Hint Answer % Correct
13The Thirteenth Hour
100%
15Staring (Bonus)
100%
16Keepers (Bonus)
100%
5Phaze and Blood
80%
9Death of the Lusii
80%
12Skaian Summoning
80%
14Spider's Claw (Bonus)
80%
17Theme (Bonus)
75%
18Walls Covered in Blood DX (Bonus)
75%

You're not logged in!

Compare scores with friends on all Sporcle quizzes.
OR
Log In

Show Comments

Extras

Created Nov 28, 2016ReportNominate
Tags:homestuck, webcomic

Top Quizzes Today


Score Distribution

Your Account Isn't Verified!

In order to create a playlist on Sporcle, you need to verify the email address you used during registration. Go to your Sporcle Settings to finish the process.

Report this User

Report this user for behavior that violates our Community Guidelines.

Details: